Medzinárodné porovnávanie vývoja životnej úrovne 3. etapa
Saved in:
| Main Author: | |
|---|---|
| Format: | Book |
| Language: | Slovak |
| Published: |
Bratislava
Výskumný ústav životnej úrovne
1983
|
| Tags: |
No Tags, Be the first to tag this record!
|
MARC
| LEADER | 00000nam a2200000 4500 | ||
|---|---|---|---|
| 001 | c116384 | ||
| 005 | 20181203150337.9 | ||
| 041 | 0 | |a slo | |
| 044 | |a SK | ||
| 245 | 1 | 0 | |a Medzinárodné porovnávanie vývoja životnej úrovne |b 3. etapa |c Anastázia Vavreková |
| 264 | 1 | |a Bratislava |b Výskumný ústav životnej úrovne |c 1983 | |
| 300 | |a 148 s. | ||
| 100 | 1 | |a Vavreková, Anastázia | |